zpět

Detail výsledku týmu

Baarovka, České Budějovice

Datum a čas kvízu

30.5 Celkem bodů Celkový počet nahraných bodů na tomto kvízu bez doplňovacích otázek.
6. Pořadí na kvízu Konečné umístění týmu na tomto kvízu.

Zaznamenané odpovědi

# Otázka Odpověď Body Výsledky
1. Co bylo hlavní motivací kavárn... C 1
2. Na Světovém ekonomickém fóru v... Václava Havla 1
3. Který hororový snímek získal v... Hříšníci/Sinners 0
4. Nápojářská skupina Kofola zaví... Nobilis Tilia 0
5. Která tenistka zaujala při vst... Naomi Ósaka 0
6. Jak se jmenuje horolezec, jenž... Radek Jaroš 1
7. Jak se trojslovně jmenuje disc... lezení na obtížnost 1
8. Jak se jmenuje tento základní... dračí smyčka 1
9. Za půl bodu napište jméno ikon... Matterhorn, Švýcarsko a Itálie 0.5
10. Jak se jmenuje fenomenální slo... B) Janja Garnbret 0